专名中有至少一字在所有其他县级以上行政区的专名中均未出现的地级行政区 - Statistics

General Stats
  • This quiz has been taken 25 times
  • The average score is 22 of 42
Answer Stats
地级行政区 % Correct
菏泽市
73%
巴彦淖尔市
68%
音、楞 巴音郭楞蒙古自治州
68%
酒泉市
68%
聊城市
68%
娄底市
68%
十堰市
68%
漯河市
64%
莆田市
64%
邢台市
64%
张掖市
64%
株洲市
64%
郴州市
59%
西双版纳傣族自治州
59%
厦门市
59%
毕节市
55%
亳州市
55%
东莞市
55%
深圳市
55%
儋州市
50%
嘉峪关市
50%
怒江傈僳族自治州
50%
攀枝花市
50%
石嘴山市
50%
百色市
45%
蚌埠市
45%
滁州市
45%
迪庆藏族自治州
45%
葫芦岛市
45%
焦作市
45%
廊坊市
45%
吕梁市
45%
萍乡市
45%
吐鲁番市
45%
烟台市
45%
双鸭山市
41%
驻马店市
41%
日照市
36%
呼伦贝尔市
32%
绍兴市
27%
孝感市
27%
平顶山市
18%
No matching quizzes found
Score Distribution
Percent of People with Each Score
Percentile by Number Answered
Your Score History
You have not taken this quiz